Концепция развития кафедры, на примере кафедры "ФМПК"; Качество - стратегия XXI века

Podrobná bibliografie
Parent link:Качество - стратегия XXI века.— 2009.— С. 110-112
Hlavní autor: Васильчук О. В.
Jazyk:ruština
Vydáno: 2009
Témata:
Médium: Kapitola
KOHA link:https://koha.lib.tpu.ru/cgi-bin/koha/opac-detail.pl?biblionumber=198685

MARC

LEADER 00000naa2a2200000 4500
001 198685
005 20231031184051.0
035 |a (RuTPU)RU\TPU\book\216697 
090 |a 198685 
100 |a 20110706d2009 k y0rusy50 ca 
101 0 |a rus 
102 |a RU 
200 1 |a Концепция развития кафедры, на примере кафедры "ФМПК"  |f О. В. Васильчук 
463 0 |0 (RuTPU)RU\TPU\book\208726  |t Качество - стратегия XXI века  |o материалы XIV Международной научно-практической конференции  |f Томский политехнический университет (ТПУ) ; Академия проблем качества России (АПК РФ), Томское отделение  |v С. 110-112  |d 2009  |p 223 с. 
610 1 |a университеты 
610 1 |a кафедры 
610 1 |a развитие 
610 1 |a концепции 
610 1 |a техническое образование 
610 1 |a интроскопия 
610 1 |a подготовка специалистов 
610 1 |a труды учёных ТПУ 
700 1 |a Васильчук  |b О. В. 
801 1 |a RU  |b 63413507  |c 20110706 
942 |c BK